00313nam a2200121Ia 4500008004100000041000800041082001200049100001800061245002300079260002700102300001900129520004300148240719s9999 xx 000 0 und d aeng a200 DEB aDebroy, Bibek aBhagavata Purana 3 aHaryanabPenguinc2018 a492.; P 24 Cm. aGifted By : IMT Faculty Dr. Pawan Jain